| 000 | 00996nam0a22002891 4500 | ||
|---|---|---|---|
| 001 | rc\2126654 | ||
| 005 | 20110826160531.4 | ||
| 035 | _a(NLR Aleph) 006534333 | ||
| 090 |
_a6567867 _c6567867 |
||
| 100 | _a20110826d1978 |||y0rusy50 ca | ||
| 101 | 0 | _arus | |
| 102 | _aRU | ||
| 105 | _aa z ||||| | ||
| 200 | 1 | _aДифференциальная диагностика болезней органов пищеварения | |
| 210 |
_aМосква _cМедицина _d1978 |
||
| 215 |
_a262 с. _cил. _d20 |
||
| 320 | _aСписок лит.: с. 252-261 | ||
| 606 |
_aПищеварительные органы _xБолезни _xДиагностика дифференциальная _2psbo |
||
| 686 |
_aР413-48,0 _2rubbk |
||
| 700 | 1 |
_aБелоусов _bА. С. _gАнтон Сидорович |
|
| 801 | 0 |
_aRU _bNLR _gpsbo |
|
| 801 | 1 |
_aRU _bELAR _2rusmarc |
|
| 852 |
_aNLR _j78-3/6597 |
||
| 899 |
_aRuMoRGB _jБ 78-3/1124 |
||
| 899 |
_aRuMoRGB _jБ 78-3/1125 |
||
| 942 | _cBOOK | ||
| 980 | _aNB | ||